| 000 | 00487nam a2200145Ia 4500 | ||
|---|---|---|---|
| 008 | 140724s9999 xx 000 0 und d | ||
| 050 |
_aQA 76.5 _b.Al366 2009 |
||
| 100 | _aAlejandro, Dann Rae R. | ||
| 245 |
_aEnrollment system of Bloomemfield Academy / _cDann Rae R. Alejandro. |
||
| 260 |
_aLas PiƱas, Philippines : _bSouthville International School and Colleges, _cc2009. |
||
| 300 |
_a53 p. : _bill. ; _c28 cm. |
||
| 521 | _aInformation Technology | ||
| 942 | _cTH | ||
| 999 |
_c229229 _d229229 |
||